000 01155nam a22002777i 4500
003 DO-SdBNP
005 20240417081344.0
006 a||||gr|||| 00| 0
007 ta
008 240201b200? dr ao||| |||| 00| 0 spa d
040 _aDO-SdBNP
_bspa
_cBNPHU
_erda
041 _hspa
082 4 _222
_bM986
245 0 0 _aMuseo arqueológico regional Altos de Chavón = Regional museum of archaeology Altos de Chavón :
_bcatálogo conmemorativo V centenario= quincentennial commemorative catalog 1492 -1992.
246 0 1 _a Regional museum of archaeology Altos de Chavón:
_bquincentennial commemorative catalog 1492 -1992.
246 0 1 _aMuseo arqueológico regional Altos de Chavón:
_bcatálogo conmemorativo V centenario 1492 -1992.
264 _aLa Romnana, República Dominicana :
_bFundación Centro Cultural Altos de Chavón,
_c[200?]
300 _a95 páginas :
_bIlustraciones, fotografía ;
_c25 cm.
336 _2rdacontent
_atexto
_btxt
337 _2rdamedia
_asin mediación
_bn
338 _2rdacarrier
_avolumen
_bnc
546 _aLibro en idioma español e inglés.
590 _aInventariado 2024 / MF
910 _aMF
942 _2ddc
_cLBS1
999 _c55753
_d55753